[Event "Bagneux"]
[Site "Bagneux"]
[Date "1993.??.??"]
[Round "1"]
[White "Gollain, Marc"]
[Black "Bartha, Sandor"]
[Result "1/2-1/2"]
[WhiteElo "2285"]
[BlackElo "2280"]

1.c4 c6 2.Nf3 d5 3.g3 dxc4 4.Bg2 Nd7 5.O-O g6 6.Qc2 Nb6 7.a4 a5 8.Na3 Be6
9.Ng5 Qc8 10.e4 Bg7 11.f4 h6 12.Nxe6 Qxe6 13.f5 Qe5 14.Nxc4 Qd4+ 15.Ne3 g5
16.Qc3 Be5 17.Qxd4 Bxd4 18.Kf2 Nf6 19.Ke2 Bxe3 20.Kxe3 Ng4+ 21.Ke2 Nxh2 22.Rh1 Ng4
23.d3 O-O-O 24.Bd2 Nd7 25.Bxa5 b6 26.Bc3 f6 27.b4 Nge5 28.d4 Nc4 29.a5 Kc7
30.Rhc1 b5 31.Rh1 Nd6 32.g4 Rde8 33.Kd3 Nf7 34.Be1 e5 35.fxe6 Rxe6 36.Bg3+ Kb7
37.Bf3 Rd8 38.Kc3 Nf8 39.Rad1 Ng6 40.Rh2 Re7 41.Re1 Red7 42.Rd1 Ne7 43.Rdd2 Ng8
44.e5 fxe5 45.dxe5 Rxd2 46.Rxd2 Rxd2 47.Kxd2 Nd8 48.Kd3 Ne7 49.Ke4 Ne6 50.Bf2 Ka6
51.Bd1 c5 52.bxc5 Kxa5 53.Bb3 Nc7 54.Be1+ b4 55.e6 Kb5 56.Ke5 Ne8 57.Bf2 Nc6+
58.Kf5 Ne7+ 59.Ke5 Nc6+ 60.Kf5 Ne7+ 61.Ke5  1/2-1/2

[Event "Balatonbereny op"]
[Site "Balatonbereny"]
[Date "1993.??.??"]
[Round "3"]
[White "Kustar, Sandor"]
[Black "Burmakin, Vladimir"]
[Result "0-1"]
[WhiteElo "2335"]
[BlackElo "2460"]

1.c4 c6 2.d4 d5 3.Nf3 e6 4.Qc2 Nd7 5.g3 b5 6.b3 bxc4 7.bxc4 Ba6 8.Nbd2 Qa5
9.e3 Rc8 10.c5 Bxf1 11.Kxf1 e5 12.Nxe5 Nxe5 13.dxe5 Qxc5 14.Qxc5 Bxc5 15.Bb2 Ne7
16.Ke2 Kd7 17.Rab1 Bb6 18.Rhd1 Ke6 19.e4 Rhd8 20.f4 f5 21.exf6 gxf6 22.exd5+ cxd5
23.Nf3 Nf5 24.Rdc1 h5 25.Kd3 Rc4 26.Rxc4 dxc4+ 27.Kxc4 Ne3+ 28.Kb5 Rd5+ 29.Kb4 Rd3
30.Kb5 Ng4 31.Rf1 Kd5 32.Bc1 Bc5 33.h3 Nf2 34.Ng1 a6+ 35.Kxa6 Kc6 36.a4 Rd8  0-1

[Event "Balatonfuzfo"]
[Site "Balatonfuzfo"]
[Date "1993.??.??"]
[Round "5"]
[White "Stajcic, Nikola"]
[Black "Izsak, Gyula"]
[Result "1/2-1/2"]
[WhiteElo "2270"]
[BlackElo "2395"]

1.c4 c6 2.Nf3 d5 3.d4 Nf6 4.g3 e6 5.Qc2 Be7 6.Bg2 O-O 7.Nbd2 b6 8.O-O Bb7
9.e4 dxe4 10.Nxe4 Nxe4 11.Qxe4 Nd7 12.Rd1 Nf6 13.Qe2 Qc8 14.Bf4 Re8 15.Bh3 Bf8
16.Rac1 Qd7 17.Qc2 Qe7 18.Bg2 c5 19.dxc5 Qxc5 20.Qe2 Rad8 21.Ne5 Bxg2 22.Kxg2 Qc8
23.Qf3 Qa8 24.Qxa8 Rxa8 25.a3 h6 26.h4 Rac8 27.b4 Be7 28.Kf3 Red8 29.Rxd8+ Bxd8
30.b5 Be7 31.Nc6 Kf8 32.a4 Ra8 33.a5 Nd7 34.Rd1 Ke8 35.Ra1 bxa5 36.Be3 Nb6
37.Nxa5 Rc8 38.Nc6 Nxc4 39.Rxa7 Rxc6 40.Ra8+ Bd8 41.bxc6 Ne5+ 42.Ke4 Nxc6
43.Bb6 f5+ 44.Kf3 Ke7 45.Bxd8+ Nxd8 46.Ke3 Nf7 47.Kd4 Nd6 48.Ra6 Nf7 49.h5 Nd6
50.f3 Nf7 51.f4 Nd6 52.Rb6 Ne4 53.Rb3 Kf6 54.Ra3 Nf2 55.Ra2 Ne4 56.g4 Nd6
57.Rg2 fxg4 58.Rxg4 Nf5+ 59.Ke4 Nd6+ 60.Kf3 Kf7 61.Rg1 Ne8 62.Ra1 Nf6 63.Ra5 Ke7
64.Ke3 Kf8 65.Kd4 Kf7 66.Re5 Nd7 67.Re1 Nf6 68.Rh1 Nd7 69.Ke4 Nf6+ 70.Kd4 Kf8
71.Ke3 Ke7 72.Kf3 Kf7 73.Kg3 Ke7 74.Kh4 Nd5 75.Kg4 Nf6+ 76.Kf3 Kf7  1/2-1/2

[Event "Balatonfuzfo"]
[Site "Balatonfuzfo"]
[Date "1993.??.??"]
[Round "7"]
[White "Stajcic, Nikola"]
[Black "Burmakin, Vladimir"]
[Result "1/2-1/2"]
[WhiteElo "2270"]
[BlackElo "2470"]

1.c4 c6 2.Nf3 d5 3.d4 Nf6 4.cxd5 cxd5 5.Nc3 Nc6 6.Bf4 e6 7.e3 Bd6 8.Bxd6 Qxd6
9.Bd3 O-O 10.O-O a6 11.a3 e5 12.dxe5 Nxe5 13.Be2 Rd8 14.Qd4 Nc6 15.Qh4 Bg4
16.Rfd1 Ne7 17.Nd4 Bxe2 18.Ndxe2 Rac8 19.Qf4 Qb6 20.b4 Qc6 21.Rac1 Qc4 22.Qxc4 dxc4
23.Rxd8+ Rxd8 24.Nd4 Rc8 25.Kf1 Ned5 26.Nf5 b5 27.Nxd5 Nxd5 28.Rd1 Nc3 29.Rc1 Nd5
30.Rd1 Nc3 31.Rc1 Nd5 32.Rd1  1/2-1/2

[Event "Barcelona"]
[Site "Barcelona"]
[Date "1993.??.??"]
[Round "4"]
[White "Gavrikov, Viktor"]
[Black "Pomes Marcet, Juan"]
[Result "1-0"]
[WhiteElo "2580"]
[BlackElo "2410"]

1.c4 c6 2.e4 e5 3.Nf3 d6 4.d4 Qc7 5.Nc3 Nf6 6.Be2 Be7 7.O-O O-O 8.d5 c5 9.a3 Ne8
10.Ne1 f5 11.exf5 Bxf5 12.Bd3 Nd7 13.Bxf5 Rxf5 14.Nd3 g6 15.Ne4 Ng7 16.Bd2 Rf7
17.Rc1 Re8 18.b4 b6 19.bxc5 Nxc5 20.Ndxc5 bxc5 21.Rb1 Nf5 22.Qa4 Rb8 23.Qc6 Rc8
24.Qa6 Rb8 25.f3 Rff8 26.Ba5 Qc8 27.Qxc8 Rfxc8 28.Kf2 Kf7 29.Ke2 Ke8 30.Bd2 Kd7
31.f4 exf4 32.Bxf4 Rb6 33.Kd3 h5 34.a4 Bd8 35.h3 h4 36.a5 Rxb1 37.Rxb1 Bxa5
38.Rb7+ Rc7 39.Rb8 Ke7 40.Bg5+  1-0

[Event "JUG-chT2"]
[Site "Becici"]
[Date "1993.??.??"]
[Round "?"]
[White "Raicevic, Vladimir"]
[Black "Ivanovic, Miroslav"]
[Result "1/2-1/2"]
[WhiteElo "2425"]
[BlackElo "2225"]

1.c4 c6 2.Nc3 d5 3.d4 Nf6 4.cxd5 cxd5 5.Bf4 Qb6 6.Qd2 Nc6 7.e3 Bf5 8.Bb5 e6
9.Nge2 Ne4 10.Nxe4 Bxe4 11.Bxc6+ bxc6 12.O-O Be7 13.Nc3 Bf5 14.Rfc1 g5 15.Bg3 h5
16.h3 Rc8 17.Na4 Qd8 18.Nc5 h4 19.Be5 f6 20.Bh2 g4 21.hxg4 Bxg4 22.f3 Bf5
23.Kh1 Kf7 24.Qf2 Qg8 25.e4 dxe4 26.fxe4 Bg4 27.Rc3 Qg6 28.Rf1 h3 29.Rg3 hxg2+
30.Qxg2 Rh4 31.Nd7 Ke8 32.Rf4 Kxd7 33.Rfxg4 Rxg4 34.Rxg4 Qh5 35.Qe2 Rh8 36.Rg2 Qxe2
37.Rxe2 Rh5 38.Kg2 Rb5 39.Kf3 Rb4 40.Bg1 a6 41.Rc2 Rb5 42.Be3 Rh5 43.Kg4 Ra5
44.b3 f5+ 45.Kf3 fxe4+ 46.Kxe4 Rh5 47.Bf4 Rh4 48.Kf3 Rh3+ 49.Kg4 Rd3 50.Be5 a5
51.Rh2 c5 52.Rh7 Ke8 53.Rh8+ Kd7 54.Ra8 cxd4 55.Ra7+ Ke8 56.Rxa5 Rd1 57.Ra8+ Kd7
58.Ra7+  1/2-1/2

[Event "Beijing op"]
[Site "Beijing"]
[Date "1993.??.??"]
[Round "5"]
[White "Xu Jun"]
[Black "Ye Rongguang"]
[Result "1/2-1/2"]
[WhiteElo "2535"]
[BlackElo "2500"]

1.c4 c6 2.e4 d5 3.exd5 cxd5 4.d4 Nf6 5.Nc3 Nc6 6.Nf3 Bg4 7.cxd5 Nxd5 8.Qb3 Bxf3
9.gxf3 e6 10.Qxb7 Nxd4 11.Bb5+ Nxb5 12.Qc6+ Ke7 13.Qxb5 Qd7 14.Nxd5+ Qxd5
15.Qxd5 exd5 16.Be3 Ke6  1/2-1/2

[Event "Berga op"]
[Site "Berga"]
[Date "1993.??.??"]
[Round "5"]
[White "Suba, Mihai"]
[Black "Spassov, Liuben"]
[Result "1/2-1/2"]
[WhiteElo "2500"]
[BlackElo "2435"]

1.c4 c6 2.e4 d5 3.exd5 cxd5 4.d4 Nf6 5.Nc3 e6 6.Nf3 Bb4 7.cxd5 Nxd5 8.Bd2 Nc6
9.Bd3 O-O 10.O-O Be7 11.Rc1 Bf6 12.Be3 g6 13.Bh6 Nxc3 14.bxc3 Re8 15.Re1 Bd7
16.Nd2 Bg7 17.Bxg7 Kxg7 18.Ne4 b6 19.Qf3 Qe7 20.Qg3 e5 21.Ng5 Qa3 22.d5 Nd8
23.h4 Rc8 24.h5 Rxc3 25.Rxc3 Qxc3 26.Re3 Qa1+ 27.Kh2 e4 28.h6+ Kxh6 29.Qh4+ Kg7
30.Qxh7+ Kf8 31.Nxe4 Qe5+ 32.Ng3 Qg7 33.Rxe8+ Bxe8 34.Qh4 Nb7 35.Qf4 Qh8+
36.Kg1 Qa1+ 37.Bf1 Nc5 38.d6 Kg7 39.Qe3 Bb5 40.Qe7 Bxf1 41.Nxf1 Ne6 42.d7 Qf6
43.Qd6 Qd8 44.Ne3 Nc5 45.Qd4+ f6 46.Ng4 Nxd7 47.Nxf6 Qxf6 48.Qxd7+ Qf7 49.Qd2 Qc4
50.g3 Qc6 51.Qd3 Qc1+ 52.Kg2 Qc6+ 53.f3 Kh7 54.g4 b5 55.a3 Qb6 56.Qd7+ Kg8
57.Qe8+ Kg7 58.Qe7+ Kg8 59.f4 a5 60.Kh3 b4 61.axb4 axb4 62.f5 gxf5 63.Qe8+ Kg7
64.Qe7+  1/2-1/2

[Event "Berliner Sommer"]
[Site "Berlin"]
[Date "1993.??.??"]
[Round "?"]
[White "Poldauf, Dirk"]
[Black "Feller, Joseph"]
[Result "1-0"]
[WhiteElo "2425"]
[BlackElo "2230"]

1.c4 c6 2.e4 d5 3.exd5 cxd5 4.cxd5 Nf6 5.Bb5+ Nbd7 6.Nc3 a6 7.Qa4 Rb8 8.Bxd7+ Bxd7
9.Qb3 b5 10.d3 b4 11.Bf4 Rc8 12.Ne4 Qa5 13.Nxf6+ exf6 14.d4 Bf5 15.Ne2 Be7
16.d6 Be6 17.d5 Bxd5 18.Qe3 b3+ 19.Nc3  1-0

[Event "Berliner Sommer"]
[Site "Berlin"]
[Date "1993.??.??"]
[Round "4"]
[White "Lerner, Konstantin Z"]
[Black "Milov, Leonid"]
[Result "1/2-1/2"]
[WhiteElo "2530"]
[BlackElo "2480"]

1.c4 c6 2.d4 d5 3.Nf3 Nf6 4.Nc3 dxc4 5.a4 Bf5 6.e3 e6 7.Bxc4 Bb4 8.O-O O-O
9.Qe2 Bg6 10.Ne5 Nbd7 11.Nxg6 hxg6 12.Rd1 Qa5 13.Bd2 Rad8 14.Be1 e5 15.d5 cxd5
16.Bxd5 Nc5 17.Qc4 Rd7 18.f3 Na6 19.Be4 Qc5 20.Qe2 Rxd1 21.Rxd1 Bxc3 22.Bxc3 Nxe4
23.fxe4 Qc6 24.Qb5 Qxe4 25.Qxe5 Qxe5 26.Bxe5 Rc8 27.Bc3 f6 28.Rd4 Rc7 29.h4 Kf7
30.Kf2 Nc5 31.Kf3 Nd7 32.Rb4 Ke6 33.a5 b6 34.axb6 axb6 35.Bd4 Rc6 36.Rb5 Rd6
37.Ke4 Rc6 38.g4 Rd6 39.Rb3 Rc6 40.Ra3 Rc7 41.Ra8 Nc5+ 42.Kf3 Nd7 43.Ra6 Rc4
44.Ra7 Kd6 45.Ra8 Ke6 46.Kg3 Ke7 47.g5 Rb4 48.Rc8 Rb5 49.Rc6 Kf7  1/2-1/2

[Event "Bern op"]
[Site "Bern"]
[Date "1993.??.??"]
[Round "6"]
[White "Sutter, Oliver"]
[Black "Boog, Alexandre"]
[Result "1-0"]
[WhiteElo "2245"]
[BlackElo "2325"]

1.c4 c6 2.d4 b5 3.cxb5 cxb5 4.e4 Nf6 5.Bd3 Bb7 6.f3 Qb6 7.Ne2 Nc6 8.Nbc3 Nxd4
9.Nxd4 Qxd4 10.Nxb5 Qb6 11.Bf4 e5 12.Bxe5 Bb4+ 13.Ke2 O-O 14.Qb3 Nd5 15.exd5 Rfe8
16.f4 d6 17.Qxb4 dxe5 18.f5 Bxd5 19.Qd6 Bc6 20.Rhc1 e4 21.Bc4 Rac8 22.a4 Red8
23.Qf4 a6 24.f6 Be8 25.Qg5 Qxf6 26.Qxf6 gxf6 27.Na3 Bxa4 28.b3 Bd7 29.Bxa6 Rb8
30.Bc4 Kg7 31.Ke3 f5 32.Nc2 Be6 33.Nd4 Rb6 34.Rd1 Rc8 35.Nxe6+ fxe6 36.Ra7+ Kf6
37.Rdd7 h5 38.Rh7 Rxc4 39.bxc4 Rb3+ 40.Kd2 Rb2+ 41.Kc3 Rxg2 42.Rxh5 Ke5 43.c5 Rg1
44.Ra6 Rc1+ 45.Kd2 Rxc5 46.Rh6 Rb5 47.Raxe6+ Kf4 48.Rb6 Ra5 49.Ra6 Rb5 50.Rhb6 Rc5
51.Rb3 Rc8 52.Ra5 Rh8 53.h3 Rg8 54.Rbb5 Rg5 55.Ke2 Rh5 56.h4 e3 57.Rb4+ Kg3
58.Raa4 Rh8 59.Kxe3 Rf8 60.h5 Rh8 61.Rh4 Rh6 62.Rad4 Re6+ 63.Kd2 Rh6 64.Rh1 Kg2
65.Rhh4 Kg3 66.Kd3 Kg2 67.Rdf4 Kg3 68.Kd4  1-0

[Event "Bishkek zt"]
[Site "Bishkek"]
[Date "1993.??.??"]
[Round "?"]
[White "Serper, Grigory"]
[Black "Imanaliev, Taalaibek"]
[Result "1/2-1/2"]
[WhiteElo "2590"]
[BlackElo "2365"]

1.c4 c6 2.e4 d5 3.exd5 cxd5 4.cxd5 Nf6 5.Nc3 g6 6.Bc4 Bg7 7.Nf3 O-O 8.O-O Na6
9.d4 Nc7 10.Re1 Ncxd5 11.Bb3 b6 12.Bg5 Bb7 13.Rc1 e6 14.Ne5 h6 15.Bxf6 Bxf6
16.Qf3 Rc8 17.Bxd5 exd5 18.Nd7 Qxd7 19.Qxf6 Rfe8 20.h4 h5 21.Qf4 Kg7 22.Re5 f6
23.Rxe8 Qxe8  1/2-1/2

[Event "Bishkek zt"]
[Site "Bishkek"]
[Date "1993.??.??"]
[Round "?"]
[White "Kanstler, Boris"]
[Black "Imanaliev, Taalaibek"]
[Result "0-1"]
[WhiteElo "2445"]
[BlackElo "2365"]

1.c4 c6 2.d4 d5 3.Nc3 Nf6 4.Nf3 dxc4 5.a4 Bg4 6.Ne5 Bh5 7.g3 e6 8.Bg2 Bb4
9.O-O Nd5 10.Nxc4 Na6 11.Qb3 Nb6 12.Nxb6 Qxb6 13.Qc4 Rd8 14.Be3 Qa5 15.Na2 O-O
16.Nxb4 Qxb4 17.Qc2 Qe7 18.Rfe1 Nb4 19.Qc4 a5 20.Rac1 Bg6 21.Bf4 Rd7 22.Bf3 Rfd8
23.Red1 f6 24.e4 Bf7 25.e5 g5 26.Be3 fxe5 27.Qc5 Qf6 28.Kg2 Nd5 29.dxe5 Qf5
30.Bxd5 Rxd5 31.Rxd5 Rxd5 32.Qe7 Qxe5 33.Bc5 Kg7 34.Rc3 g4 35.Qf8+ Kg6 36.Re3 Qh5
37.h4 Rxc5 38.Re4 Qd5  0-1

[Event "Bratislava op"]
[Site "Bratislava"]
[Date "1993.??.??"]
[Round "4"]
[White "Chernyshov, Konstantin"]
[Black "Sorokin, Maxim"]
[Result "1/2-1/2"]
[WhiteElo "2400"]
[BlackElo "2515"]

1.c4 c6 2.e4 d5 3.Nc3 dxe4 4.Nxe4 Bf5 5.Ng3 Bg6 6.Nf3 Nf6 7.Be2 Nbd7 8.d4 e6
9.O-O Bd6 10.b3 a5 11.Bb2 Qc7 12.Bd3 a4 13.d5 e5 14.dxc6 bxc6 15.Nh4 O-O
16.Nhf5 Bc5 17.Bc3 axb3 18.axb3 Rxa1 19.Qxa1 Rb8 20.Bc2 Nh5 21.Nxh5 Bxh5
22.Qe1 f6 23.b4 Bf8 24.Qe4 Bg6 25.c5 Kh8 26.g4 Be7 27.h4 Nf8 28.h5 Bf7 29.Nxe7 Qxe7
30.Qxc6 Ne6 31.Rd1 Nf4 32.Qe4 Nh3+ 33.Kh2 Ng5 34.Qc6 Be6 35.Kg3 Rc8 36.Qa6 Qc7
37.Rd6 e4 38.Qb6 Qe7 39.Rc6 Bxg4 40.h6 Be6 41.Kf4 e3 42.fxe3 Re8 43.Bd4 Qf7
44.Qc7 Bd7 45.Kg3 Ne4+ 46.Bxe4 Rxe4 47.Rd6 Rg4+ 48.Kf3 Rg3+ 49.Kf2 Rg2+ 50.Kxg2 Qg6+
51.Kf2 Qc2+ 52.Kg3  1/2-1/2

[Event "Brno-B"]
[Site "Brno"]
[Date "1993.??.??"]
[Round "2"]
[White "Augustin, Josef"]
[Black "Velicka, Petr"]
[Result "1/2-1/2"]
[WhiteElo "2410"]
[BlackElo "2420"]

1.c4 c6 2.Nf3 d5 3.cxd5 cxd5 4.d4 Nc6 5.Nc3 Nf6 6.Bf4 a6 7.e3 Bg4 8.Be2 e6
9.O-O Bd6 10.Bxd6 Qxd6 11.Ne1 Bxe2 12.Qxe2 b5 13.Nd3  1/2-1/2

[Event "Brussels zt"]
[Site "Brussels"]
[Date "1993.??.??"]
[Round "5"]
[White "Renet, Olivier"]
[Black "Hauchard, Arnaud"]
[Result "1/2-1/2"]
[WhiteElo "2535"]
[BlackElo "2450"]

1.c4 c6 2.Nf3 d5 3.e3 Nf6 4.Nc3 g6 5.d4 Bg7 6.Be2 O-O 7.O-O Bg4 8.cxd5 cxd5
9.Qb3 Bc8 10.Ne5 e6 11.Bd2 Nfd7 12.Nxd7 Qxd7 13.Rfc1 Nc6 14.Bb5 Qc7 15.Na4 Bd7
16.Nc5 Rfc8 17.Bf1 Rab8 18.Qd1 Be8 19.b4 Qd8 20.b5 Ne7 21.Bb4 Nf5 22.a4 Bf8  1/2-1/2

[Event "Bucharest Tim"]
[Site "Bucharest"]
[Date "1993.??.??"]
[Round "3"]
[White "Lisenko, Alexander V"]
[Black "Gavrilescu, Calin"]
[Result "1-0"]
[WhiteElo "2400"]
[BlackElo "2310"]

1.c4 c6 2.Nf3 g6 3.g3 Bg7 4.Bg2 Na6 5.Nc3 f5 6.d4 Nc7 7.Bf4 d6 8.d5 cxd5
9.cxd5 Nf6 10.Nd4 h6 11.h4 O-O 12.Qd2 Kh7 13.Rc1 Bd7 14.Bf3 Rc8 15.b4 Ncxd5
16.Nxd5 Rxc1+ 17.Qxc1 Nxd5 18.Bxd5 e5 19.Bg5 Qb6 20.Nb3 f4 21.gxf4 Rc8 22.Qd2 e4
23.Kf1 Bc3 24.Qxc3 Qe3 25.Qxe3 hxg5 26.hxg5+ Kg7 27.Bxb7 Rc4 28.Kg2 Rxb4
29.Rc1 Rc4 30.Bxe4 Be6 31.Bd3 Rc7 32.Nd4 Bd7 33.Bb5 Bc8 34.a4 Rc5 35.Nb3 Rc7
36.Nd2 Bg4 37.Bd3 Bd7 38.Ne4 Rc5  1-0

[Event "Bucharest Caissa"]
[Site "Bucharest"]
[Date "1993.??.??"]
[Round "6"]
[White "Csom, Istvan"]
[Black "Schipkov, Boris"]
[Result "1-0"]
[WhiteElo "2520"]
[BlackElo "2345"]

1.c4 c6 2.Nf3 d5 3.e3 Nf6 4.b3 Bf5 5.Be2 h6 6.O-O e6 7.Bb2 Nbd7 8.d3 Be7
9.cxd5 cxd5 10.Nc3 O-O 11.a3 Rc8 12.h3 Bh7 13.Rc1 a6 14.b4 Bd6 15.Qb3 Nb6
16.Na4 Nxa4 17.Qxa4 Nd7 18.Rxc8 Qxc8 19.Rc1 Qd8 20.Qb3 Qe7 21.Bf1 Bg6 22.g3 Bh5
23.Bg2 Bxf3 24.Bxf3 Be5 25.Bg2 Bxb2 26.Qxb2 Nb6 27.Qe5 Rc8 28.Rxc8+ Nxc8
29.e4 dxe4 30.Qb8 Qf8 31.Bxe4 b6 32.Qa8 f5 33.Bg2 a5 34.bxa5 bxa5 35.Qxa5 Kh7
36.Qc3 Ne7 37.Qc5 Qf6 38.d4 f4 39.Be4+ g6 40.Qe5 Qf7 41.Qxf4 Qxf4 42.gxf4 Nc8
43.a4 Nd6 44.Bd3 Kg7 45.a5 Kf6 46.Kg2 Nc8 47.Kf3 Na7 48.a6 Nc6 49.Ke4 g5
50.Bb5 Na7 51.Ba4 Nc8 52.Bd7 Na7 53.fxg5+ hxg5 54.f4 gxf4 55.Kxf4 Ke7 56.Ba4 Kf6
57.h4 Nc8 58.Bd7 Na7 59.h5 Ke7 60.h6  1-0

[Event "Bucharest Tim"]
[Site "Bucharest"]
[Date "1993.??.??"]
[Round "10"]
[White "Chachere, Lawrence"]
[Black "Salgado Allaria, Carlos"]
[Result "1/2-1/2"]
[WhiteElo "2225"]
[BlackElo "2205"]

1.c4 c6 2.d4 d5 3.Nf3 Nf6 4.Nc3 e6 5.Bg5 h6 6.Bxf6 Qxf6 7.Qc2 Nd7 8.e4 dxe4
9.Qxe4 Bd6 10.Bd3 Qf4  1/2-1/2

[Event "Budapest FS02 IM"]
[Site "Budapest"]
[Date "1993.??.??"]
[Round "?"]
[White "Bordas, Gyula"]
[Black "Krutti, Valer"]
[Result "1/2-1/2"]
[WhiteElo "2220"]
[BlackElo "2345"]

1.c4 c6 2.e4 d5 3.exd5 cxd5 4.cxd5 Nf6 5.Nc3 Nxd5 6.Nf3 Nc6 7.d4 e6 8.Bd3 Be7
9.O-O O-O 10.Re1 Ncb4 11.Bb1 Nf6 12.a3 Nbd5 13.Ne5 Bd7 14.Qd3 Bc6 15.Qh3 Qd6
16.Bg5 g6 17.Ba2 Nh5 18.Bxe7 Nxe7 19.Rad1 Kg7 20.Nxc6 bxc6 21.Ne4 Qf4 22.Nc5 Rad8
23.Rxe6 Qg5 24.Ree1 Nf5 25.d5 Nf4 26.Qc3+ Kg8 27.g3 Nxd5 28.Bxd5 cxd5 29.Re5  1/2-1/2

[Event "Budapest FS09 IM-A"]
[Site "Budapest"]
[Date "1993.??.??"]
[Round "?"]
[White "Krutti, Valer"]
[Black "Collas, Didier"]
[Result "1/2-1/2"]
[WhiteElo "2350"]
[BlackElo "2260"]

1.c4 c6 2.e4 d5 3.exd5 cxd5 4.d4 Nf6 5.Nc3 Nc6 6.cxd5 Nxd5 7.Nf3 e6 8.Bd3 Be7
9.O-O O-O 10.Re1 b6 11.Nxd5 exd5 12.Bxh7+ Kxh7 13.Qc2+ Kg8 14.Qxc6 Be6 15.Bf4 Qc8
16.Qa4 Qb7 17.Ne5 Rfe8 18.Rac1 Rac8 19.Nc6 a6 20.Ne5 Bf6 21.Qb3 b5 22.Qg3 Rxc1
23.Rxc1 Rc8 24.Qe3 Rxc1+ 25.Qxc1 Bxe5 26.Bxe5 f6 27.Bd6 Qc8 28.Bc7 Bf5 29.h3 Qe6
30.Kh2 Qe2 31.f3 Be6 32.Qc6 Bf7 33.Qxa6 Qxb2 34.Qa7 b4 35.Bd6 b3 36.Qb8+ Kh7
37.Qxb3 Qxd4 38.a4 Qa7 39.Qb5 d4 40.a5 Qa8 41.a6 Qd5 42.Qxd5 Bxd5 43.Kg3 g5
44.Kf2 f5 45.g4 Kg6 46.Bc5 d3 47.Bb4 Kf6 48.a7 Ke6 49.Bd2 Kf6 50.Kg3 f4+
51.Kf2 Ke5 52.Bc3+ Ke6 53.Kg2 Kd7 54.Kf2 Kc8 55.Bf6 Kb7 56.Bxg5 d2 57.Ke2 Bxf3+
58.Kxd2 Bg2 59.h4 Bh3  1/2-1/2

[Event "Spring op"]
[Site "Budapest"]
[Date "1993.??.??"]
[Round "1"]
[White "Ibragimov, Ildar"]
[Black "Gaspar, Zoltan"]
[Result "1-0"]
[WhiteElo "2540"]
[BlackElo "2210"]

1.c4 c6 2.e4 d5 3.exd5 cxd5 4.d4 Nf6 5.Nc3 Nc6 6.Bg5 dxc4 7.d5 Ne5 8.Bxc4 Nfd7
9.Be2 Qb6 10.Qd2 e6 11.Nh3 Bb4 12.Be3 Qd6 13.dxe6 Qxe6 14.Nf4 Qc6 15.Rc1 Nb6
16.a3 Bxc3 17.Rxc3 Qe4 18.f3 Qf5 19.Qd6 Nc6 20.Bxb6 axb6 21.Nd5 f6 22.Rxc6 Kf7
23.Rc7+  1-0

[Event "Statistika"]
[Site "Budapest"]
[Date "1993.??.??"]
[Round "2"]
[White "Roos, Celine"]
[Black "Nemeth, Zoltan"]
[Result "0-1"]
[WhiteElo "2180"]
[BlackElo "2380"]

1.c4 c6 2.e4 e5 3.Nf3 d6 4.d4 Bg4 5.Be2 Nd7 6.Nc3 Be7 7.Be3 Bxf3 8.Bxf3 Bg5
9.O-O Bxe3 10.fxe3 Qg5 11.dxe5 Qxe3+ 12.Kh1 dxe5 13.Bg4 Ndf6 14.Bh3 Qc5 15.Qb3 Rb8
16.Rad1 Nh6 17.Rxf6 gxf6 18.Na4 Qf2 19.Qb4 c5 20.Nxc5 O-O 21.Nd7 Rfd8 22.Qd6 Kg7
23.Qd3 Ng8 24.Rf1 Qh4 25.Qf3 Rbc8 26.Bf5 Rc7 27.g3 Qh6 28.Qg4+ Kh8 29.c5 Ne7
30.c6 Rxc6 31.Rd1 Rc1  0-1

[Event "Budapest zt-B"]
[Site "Budapest"]
[Date "1993.??.??"]
[Round "2"]
[White "Stohl, Igor"]
[Black "Haba, Petr"]
[Result "1/2-1/2"]
[WhiteElo "2540"]
[BlackElo "2485"]

1.c4 c6 2.Nc3 d5 3.d4 Nf6 4.e3 g6 5.Nf3 Bg7 6.Be2 O-O 7.O-O Bg4 8.cxd5 cxd5
9.Qb3 b6 10.h3 Bxf3 11.Bxf3 e6 12.Bd2 Nc6 13.Be2 a6 14.Rfc1 Na5 15.Qb4 Nd7
16.b3 Re8 17.Na4 Nb7 18.Qc3 b5 19.Qc7 Rb8 20.Nb2 e5 21.Qxd8 Rbxd8 22.dxe5 Bxe5
23.Rab1 Nbc5 24.Nd3 Nxd3 25.Bxd3 Rc8 26.Bb4 d4 27.exd4 Bxd4 28.a4 Nc5 29.Bxc5 Rxc5
30.axb5 axb5 31.Rxc5 Bxc5 32.Bxb5 Rd8 33.b4 Bb6 34.Be2 Rd2 35.Kf1 h5 36.g3 Kg7
37.b5 Kh6 38.Rc1 Rb2 39.Rc6 Bd4 40.Rd6 Bc5 41.Rf6 Kg7 42.Rc6 Bd4 43.Rd6 Bc5
44.Rd5 Bb6 45.f4 h4 46.gxh4 Rb4 47.f5 Rf4+ 48.Ke1 Rxf5 49.Rxf5  1/2-1/2

[Event "Spring op"]
[Site "Budapest"]
[Date "1993.??.??"]
[Round "3"]
[White "Weber, Siegfried"]
[Black "Videki, Sandor"]
[Result "1-0"]
[WhiteElo "2270"]
[BlackElo "2415"]

1.c4 c6 2.g3 d5 3.Bg2 Nf6 4.Nf3 dxc4 5.O-O b5 6.b3 cxb3 7.Qxb3 e6 8.Ne5 Bb7
9.a4 Nfd7 10.Nxd7 Qxd7 11.Bb2 Na6 12.axb5 cxb5 13.Rxa6 Bxg2 14.Kxg2 Qb7+
15.Qf3  1-0

[Event "Budapest FS08 IM"]
[Site "Budapest"]
[Date "1993.??.??"]
[Round "3"]
[White "Pastorini, Mario"]
[Black "Demir, Gokhan"]
[Result "0-1"]
[WhiteElo "2240"]
[BlackElo "2165"]

1.c4 c6 2.Nf3 Nf6 3.g3 d5 4.b3 Bg4 5.Bg2 Bxf3 6.Bxf3 e6 7.Bb2 Nbd7 8.d3 Bd6
9.Nd2 h5 10.h3 Qc7 11.Qc2 a5 12.a3 Ne5 13.Bg2 Ng6 14.Nf1 Qe7 15.Ne3 O-O 16.O-O h4
17.g4 Nf4 18.Rfe1 Nh7 19.Qc3 f6 20.d4 Ng5 21.Nf1 c5 22.cxd5 cxd4 23.Qxd4 Nfxh3+
24.Kh1 Be5 25.d6 Qd7 26.Qd2 Bxb2 27.Qxb2 Nxf2+ 28.Kg1 Nxg4 29.Qd4 Ne5 30.Red1 h3
31.Bh1 Rac8 32.Ne3 Rfd8 33.Nc4 Qb5 34.Nxe5 Qxe2 35.Qf2 Qxe5 36.Bxb7 Rb8 37.Qb6 Rd7
38.Rac1 Qg3+ 39.Kh1 Rbxb7 40.Qxb7 Rxb7  0-1

[Event "Budapest FS08 IM"]
[Site "Budapest"]
[Date "1993.??.??"]
[Round "5"]
[White "Pastorini, Mario"]
[Black "Tomcsanyi, Peter"]
[Result "1/2-1/2"]
[WhiteElo "2240"]
[BlackElo "2290"]

1.c4 c6 2.Nf3 d5 3.b3 Nf6 4.g3 Bf5 5.Bg2 e6 6.O-O Be7 7.Bb2 h6 8.d3 O-O 9.Nbd2 Nbd7
10.Rc1 Bh7 11.Rc2 Bd6 12.Qa1 Re8 13.Ne5 Bxe5 14.Bxe5 Nxe5 15.Qxe5 Qb6 16.Rcc1 a5
17.a3 Red8 18.Qb2 Qa7 19.Ra1 b5 20.cxb5 cxb5 21.b4 a4 22.Rac1 Rac8 23.Rc2 Bg6
24.h3 Rxc2 25.Qxc2 e5 26.Rc1 e4 27.dxe4 dxe4 28.Nxe4 Nxe4 29.Bxe4 Bxe4 30.Qxe4 Qd7
31.Rc5 Qxh3 32.Rd5 Rxd5 33.Qxd5 Qc8  1/2-1/2

[Event "Elekes mem"]
[Site "Budapest"]
[Date "1993.??.??"]
[Round "5"]
[White "Dinstuhl, Volkmar"]
[Black "Siebrecht, Sebastian"]
[Result "0-1"]
[WhiteElo "2360"]
[BlackElo "2335"]

1.c4 c6 2.Nf3 Nf6 3.Qa4 e6 4.g3 d5 5.Bg2 Nbd7 6.cxd5 exd5 7.O-O Bd6 8.Nc3 O-O
9.d3 Re8 10.Re1 Nc5 11.Qc2 Bf5 12.b4 Ne6 13.Rb1 Rc8 14.h3 c5 15.bxc5 Bxc5
16.Qd2 Qc7 17.Na4 Bxf2+ 18.Kxf2 Nh5 19.e3 Qxg3+ 20.Kf1 Bxh3 21.Qf2 Qg4 22.Bxh3 Qxh3+
23.Qg2 Qf5 24.Rd1 Ng5 25.Kf2 Nh3+ 26.Ke1 N5f4 27.Qf1 Qg4 28.Rb2 Qg3+ 29.Kd2 Nf2  0-1

[Event "Budapest FS07 GM"]
[Site "Budapest"]
[Date "1993.??.??"]
[Round "5"]
[White "Zifroni, Dov"]
[Black "Velicka, Petr"]
[Result "0-1"]
[WhiteElo "2415"]
[BlackElo "2420"]

1.c4 c6 2.e4 Qa5 3.Nc3 e5 4.Nf3 Bb4 5.Be2 Nf6 6.Qc2 O-O 7.O-O Re8 8.d3 d5
9.Bd2 d4 10.a3 Bxc3 11.bxc3 dxc3 12.Bxc3 Qc7 13.d4 exd4 14.Bxd4 c5 15.Bb2 Nxe4
16.Bd3 Nf6 17.Bxf6 gxf6 18.Rfe1 Be6 19.Re4 Kg7 20.Rh4 Rh8 21.Re1 Nd7 22.Bf5 Rae8
23.Rg4+ Kf8 24.Qd2 Ke7 25.Bxe6 fxe6 26.Rg7+ Kd8 27.Rd1 Re7 28.Qh6 Rf8 29.Rxh7 Ref7
30.Rxf7 Rxf7 31.Qh8+ Ke7 32.Nh4 Nf8 33.Qg8 a6 34.a4 Qa5 35.h3 Qxa4 36.Ng6+ Ke8
37.Re1 Qc6 38.Nxf8 Rxf8 39.Rxe6+ Kd7 40.Rxc6 Rxg8 41.Rxf6 Ra8 42.Rb6 Kc7
43.Rb1 Kc6 44.g4 b5 45.cxb5+ axb5 46.f4 c4 47.f5 Kc5 48.f6 c3 49.Kf2 b4 50.g5 c2  0-1

[Event "Statistika"]
[Site "Budapest"]
[Date "1993.??.??"]
[Round "7"]
[White "Fancsy, Imre"]
[Black "Kiss, Pal"]
[Result "1/2-1/2"]
[WhiteElo "2300"]
[BlackElo "2390"]

1.c4 c6 2.Nf3 Nf6 3.g3 d5 4.Bg2 Bg4 5.Ne5 Be6 6.cxd5 Bxd5 7.Nf3 c5 8.O-O e6
9.d4 cxd4 10.Qxd4 Nbd7 11.Nc3 Bc5  1/2-1/2

[Event "Budapest zt-A"]
[Site "Budapest"]
[Date "1993.??.??"]
[Round "8"]
[White "Suba, Mihai"]
[Black "Kolev, Atanas"]
[Result "1/2-1/2"]
[WhiteElo "2520"]
[BlackElo "2510"]

1.c4 c6 2.e4 d5 3.exd5 cxd5 4.d4 Nf6 5.Nc3 e6 6.Nf3 Bb4 7.cxd5 Nxd5 8.Qc2 Nc6
9.a3 Be7 10.Bd3 Bf6 11.O-O h6 12.Nxd5 Qxd5 13.Be4 Qd6 14.Be3 Ne7 15.Rac1 Nd5
16.Qc5 Qxc5 17.Rxc5 b6 18.Rxd5 exd5 19.Bxd5 Rb8 20.Bf4 Bb7 21.Bxb8 Bxd5 22.Bxa7 Kd7
23.Bxb6 Rb8 24.Bc5 Rxb2 25.Ra1 Rc2 26.Rb1 Be4 27.Re1 Bxf3 28.gxf3 Bh4 29.Re4 g5
30.Re7+ Kc6 31.Rxf7 Bxf2+ 32.Kf1 Kd5 33.Re7 Bxd4 34.Bxd4 Kxd4 35.Re4+ Kd5
36.h4 Rc3 37.Kg2 Rxa3 38.hxg5 hxg5 39.Re1 Ra6 40.Kg3 Ra4 41.Re8 Rb4 42.Re1 Ra4
43.Re7 Rb4 44.Rg7 Ke6 45.Rxg5 Kf6 46.Rg4 Rxg4+ 47.Kxg4 Kg6 48.f4 Kf6 49.f5 Kf7
50.Kg5 Kg7 51.f6+ Kf7 52.Kf5 Kf8 53.Kg6 Kg8 54.f7+ Kf8  1/2-1/2

[Event "Elekes mem"]
[Site "Budapest"]
[Date "1993.??.??"]
[Round "9"]
[White "Contin, Daniel"]
[Black "Farago, Ivan"]
[Result "1/2-1/2"]
[WhiteElo "2395"]
[BlackElo "2510"]

1.c4 c6 2.d4 d5 3.Nc3 Nf6 4.cxd5 cxd5 5.Nf3 Nc6 6.Bf4 Bf5 7.e3 e6 8.Bd3 Bxd3
9.Qxd3 Bd6 10.Bxd6 Qxd6 11.O-O O-O 12.Rfc1  1/2-1/2